[Event "Aarhus"]
[Site "Aarhus"]
[Date "1997.??.??"]
[Round "3"]
[White "Kristinsson, Baldur"]
[Black "Jensen, Jacob Bjerre"]
[Result "0-1"]
[WhiteElo "2210"]
[BlackElo "2205"]
[PlyCount "66"]
[EventDate "1997.??.??"]
[EventType "tourn"]
[EventRounds "7"]
[EventCountry "DEN"]
[SourceTitle "EXT 2000"]
[Source "ChessBase"]
[SourceDate "1999.11.16"]
[SourceVersion "1"]
[SourceVersionDate "1999.11.16"]
[SourceQuality "1"]

1. d4 d5 2. Nf3 Nf6 3. c4 c6 4. Nc3 e6 5. e3 Nbd7 6. Qc2 Bd6 7. b3 0-0 8. Bb2 Qe7 9. Bd3 a6 10. a4 b6 11. 0-0 Bb7 12. e4 dxc4 13. bxc4 e5 14. Ne2 Rad8 15. d5 Rc8 16. Ng3 g6 17. Qd2 Ne8 18. Qh6 Nc5 19. Bc2 a5 20. Rfe1 Ba6 21. Nd2 Nd7 22. Rac1 Bb4 23. Ngf1 Nd6 24. Re3 f6 25. Bd3 Nc5 26. Be2 Nxa4 27. Ba1 cxd5 28. Bg4 dxc4 29. Bxc8 Rxc8 30. Nb1 Nc5 31. Qh4 Nb3 32. Rxb3 cxb3 33. Rd1 Bxf1 0-1

[Event "Aarhus"]
[Site "Aarhus"]
[Date "1997.??.??"]
[Round "7"]
[White "Kristinsson, Baldur"]
[Black "Nielsen, Soren Holst"]
[Result "1/2-1/2"]
[WhiteElo "2210"]
[BlackElo "2225"]
[PlyCount "72"]
[EventDate "1997.??.??"]
[EventType "tourn"]
[EventRounds "7"]
[EventCountry "DEN"]
[SourceTitle "EXT 2000"]
[Source "ChessBase"]
[SourceDate "1999.11.16"]
[SourceVersion "1"]
[SourceVersionDate "1999.11.16"]
[SourceQuality "1"]

1. e4 e5 2. Nf3 d6 3. d4 Nf6 4. Nc3 Nbd7 5. Bc4 Be7 6. 0-0 0-0 7. Qe2 exd4 8. Nxd4 Ne5 9. Bb3 c5 10. Nf5 Bxf5 11. exf5 Qd7 12. Nd5 Nxd5 13. Bxd5 Rae8 14. c3 Bd8 15. Rd1 Qxf5 16. Bxb7 Ng6 17. Qc4 Qc2 18. Be3 Ne5 19. Qb3 Qg6 20. Qd5 Bf6 21. Qxd6 Nc4 22. Qxc5 Nxb2 23. Rf1 Na4 24. Qxa7 Nxc3 25. Rae1 Qd3 26. a4 Re6 27. a5 Rfe8 28. Bf3 R6e7 29. Qc5 Re5 30. Qb4 Rb5 31. Qg4 h5 32. Qh3 Rxa5 33. Bb6 Rae5 34. Rxe5 Rxe5 35. Be3 g6 36. Qc8+ Kg7 1/2-1/2